<?xml version="1.0" encoding="UTF-8"?>
<record
    xmlns:xsi="http://www.w3.org/2001/XMLSchema-instance"
    xsi:schemaLocation="http://www.loc.gov/MARC21/slim http://www.loc.gov/standards/marcxml/schema/MARC21slim.xsd"
    xmlns="http://www.loc.gov/MARC21/slim">

  <leader>02786nam a2200277   4500</leader>
  <controlfield tag="001">000</controlfield>
  <controlfield tag="005">20140826121125.0</controlfield>
  <controlfield tag="007">000</controlfield>
  <controlfield tag="008">000</controlfield>
  <datafield tag="010" ind1=" " ind2=" ">
    <subfield code="a">  2010039584</subfield>
  </datafield>
  <datafield tag="020" ind1=" " ind2=" ">
    <subfield code="a">9780123742605</subfield>
  </datafield>
  <datafield tag="040" ind1=" " ind2=" ">
    <subfield code="a">UOEL</subfield>
    <subfield code="c">DLC</subfield>
    <subfield code="d">DLC</subfield>
  </datafield>
  <datafield tag="042" ind1=" " ind2=" ">
    <subfield code="a">pcc</subfield>
  </datafield>
  <datafield tag="050" ind1="0" ind2="0">
    <subfield code="a">QA76.642</subfield>
    <subfield code="b">.P29 2011</subfield>
  </datafield>
  <datafield tag="082" ind1="0" ind2="0">
    <subfield code="a">005.2/75</subfield>
    <subfield code="2">22</subfield>
  </datafield>
  <datafield tag="100" ind1="1" ind2=" ">
    <subfield code="a">Pacheco, Peter S.</subfield>
  </datafield>
  <datafield tag="245" ind1="1" ind2="3">
    <subfield code="a">An introduction to parallel programming /</subfield>
    <subfield code="c">Peter S. Pacheco.</subfield>
    <subfield code="h">Text</subfield>
  </datafield>
  <datafield tag="260" ind1=" " ind2=" ">
    <subfield code="a">Amsterdam :</subfield>
    <subfield code="a">Boston :</subfield>
    <subfield code="b">Morgan Kaufmann,</subfield>
    <subfield code="c">c2011.</subfield>
  </datafield>
  <datafield tag="300" ind1=" " ind2=" ">
    <subfield code="a">xix, 370 p. :</subfield>
    <subfield code="b">ill. ;</subfield>
    <subfield code="c">25 cm.</subfield>
  </datafield>
  <datafield tag="504" ind1=" " ind2=" ">
    <subfield code="a">Includes bibliographical references (p. 357-359) and index.</subfield>
  </datafield>
  <datafield tag="505" ind1="8" ind2=" ">
    <subfield code="a">Machine generated contents note: 1 Why Parallel Computing1.1 Why We Need Ever-Increasing Performance 1.2 Why We're Building Parallel Systems 1.3 Why We Need to Write Parallel Programs 1.4 How Do We Write Parallel Programs? 1.5 What We'll Be Doing 1.6 Concurrent, Parallel, Distributed 1.7 The Rest of the Book 1.8 A Word of Warning 1.9 Typographical Conventions 1.10 Summary 1.11 Exercises 2 Parallel Hardware and Parallel Software2.1 Some Background 2.2 Modifications to the von Neumann Model 2.3 Parallel Hardware 2.4 Parallel Software 2.5 Input and Output 2.6 Performance 2.7 Parallel Program Design 2.8 Writing and Running Parallel Programs 2.9 Assumptions 2.10 Summary 2.11 Exercises 3 Distributed Memory Programming with MPI3.1 Getting Started 3.2 The Trapezoidal Rule in MPI 3.3 Dealing with I/O 3.4 Collective Communication 3.5 MPI Derived Datatypes 3.7 A Parallel Sorting Algorithm 3.8 Summary3.9 Exercises 3.10 Programming Assignments 4 Shared Memory Programming with Pthreads4.1 Processes, Threads and Pthreads 4.2 Hello, World4.3 Matrix-Vector Multiplication 4.4 Critical Sections 4.5 Busy-Waiting 4.6 Mutexes 4.7 Producer-Consumer Synchronization and Semaphores 4.8 Barriers and Condition Variables 4.9 Read-Write Locks 4.10 Caches, Cache-Coherence, and False Sharing 4.11 Thread-Safety 4.12 Summary 4.13 Exercises4.14 Programming Assignments 5 Shared Memory Programming with OpenMP5.1 Getting Started 5.2 The Trapezoidal Rule 5.3 Scope of Variables 5.4 The Reduction Clause 5.5 The Parallel For Directive 5.6 More About Loops in OpenMP: Sorting 5.7 Scheduling Loops 5.8 Producers and Consumers 5.9 Caches, Cache-Coherence, and False Sharing 5.10 Thread-Safety 5.11 Summary 5.12 Exercises 5.13 Programming Assignments 6 Parallel Program Development6.1 Two N-Body Solvers 6.2 Tree Search 6.3 A Word of Caution 6.4 Which API? 6.5 Summary 6.6 Exercises 6.7 Programming Assignments 7 Where to Go from Here .</subfield>
  </datafield>
  <datafield tag="650" ind1=" " ind2="0">
    <subfield code="a">Parallel programming (Computer science)</subfield>
  </datafield>
  <datafield tag="906" ind1=" " ind2=" ">
    <subfield code="a">7</subfield>
    <subfield code="b">cbc</subfield>
    <subfield code="c">orignew</subfield>
    <subfield code="d">1</subfield>
    <subfield code="e">ecip</subfield>
    <subfield code="f">20</subfield>
    <subfield code="g">y-gencatlg</subfield>
  </datafield>
  <datafield tag="942" ind1=" " ind2=" ">
    <subfield code="2">lcc</subfield>
    <subfield code="c">SL2</subfield>
  </datafield>
  <datafield tag="999" ind1=" " ind2=" ">
    <subfield code="c">471</subfield>
    <subfield code="d">471</subfield>
  </datafield>
  <datafield tag="952" ind1=" " ind2=" ">
    <subfield code="0">0</subfield>
    <subfield code="1">0</subfield>
    <subfield code="2">lcc</subfield>
    <subfield code="4">0</subfield>
    <subfield code="7">0</subfield>
    <subfield code="a">UOE</subfield>
    <subfield code="b">UOE</subfield>
    <subfield code="c">SHO</subfield>
    <subfield code="d">2014-08-26</subfield>
    <subfield code="l">0</subfield>
    <subfield code="o">QA76.642 .P29 2011</subfield>
    <subfield code="p">20150425</subfield>
    <subfield code="r">2026-04-27 09:28:34</subfield>
    <subfield code="t">20150425</subfield>
    <subfield code="w">2014-08-26</subfield>
    <subfield code="y">SL2</subfield>
  </datafield>
  <datafield tag="952" ind1=" " ind2=" ">
    <subfield code="0">0</subfield>
    <subfield code="1">0</subfield>
    <subfield code="2">lcc</subfield>
    <subfield code="4">0</subfield>
    <subfield code="7">0</subfield>
    <subfield code="a">UOE</subfield>
    <subfield code="b">UOE</subfield>
    <subfield code="c">SHO</subfield>
    <subfield code="d">2014-08-26</subfield>
    <subfield code="l">2</subfield>
    <subfield code="o">QA76.642 .P29 2011</subfield>
    <subfield code="p">20150424</subfield>
    <subfield code="r">2026-04-27 09:28:34</subfield>
    <subfield code="s">2021-03-02</subfield>
    <subfield code="t">20150424</subfield>
    <subfield code="w">2014-08-26</subfield>
    <subfield code="y">SL2</subfield>
  </datafield>
  <datafield tag="952" ind1=" " ind2=" ">
    <subfield code="0">0</subfield>
    <subfield code="1">0</subfield>
    <subfield code="2">lcc</subfield>
    <subfield code="4">0</subfield>
    <subfield code="7">0</subfield>
    <subfield code="a">TC</subfield>
    <subfield code="b">TC</subfield>
    <subfield code="c">SHO</subfield>
    <subfield code="d">2014-08-26</subfield>
    <subfield code="l">0</subfield>
    <subfield code="o">QA76.642 .P29 2011</subfield>
    <subfield code="p">20150426</subfield>
    <subfield code="r">2014-08-26 00:00:00</subfield>
    <subfield code="t">20150426</subfield>
    <subfield code="w">2014-08-26</subfield>
    <subfield code="y">SL2</subfield>
  </datafield>
</record>
